Συστήματα τηλεπικοινωνιών
Αποθηκεύτηκε σε:
| Κύριοι συγγραφείς: | , |
|---|---|
| Μορφή: | Βιβλίο |
| Γλώσσα: | Greek English |
| Δημοσίευση: |
Αθήνα :
Fountas,
c2016.
|
| Έκδοση: | 2η έκδ. |
| Θέματα: | |
| Ετικέτες: |
Προσθήκη ετικέτας
Δεν υπάρχουν, Καταχωρήστε ετικέτα πρώτοι!
|
MARC
| LEADER | 00000cam a2200000 a 4500 | ||
|---|---|---|---|
| 001 | 1/109559 | ||
| 008 | 160114t2016####gr | ||| |||||||gre|| | ||
| 020 | |a 9789603307631 | ||
| 040 | |a GR-MyUa |b gre |c GR-MyUa |e AACR2 | ||
| 041 | 1 | |a gre |h eng | |
| 082 | 7 | |a 621.382 |2 (23) | |
| 100 | 1 | |a Proakis, John G. | |
| 245 | 1 | 0 | |a Συστήματα τηλεπικοινωνιών / |c John G. Proakis, Masoud Salehi ; μετάφραση Φιλντίσης Π., Βέλλας Σ., Δεσύλλας Α. |
| 250 | |a 2η έκδ. | ||
| 260 | |a Αθήνα : |b Fountas, |c c2016. | ||
| 300 | |a 928 σ. : |b σχέδια, πιν. ; |c 25 εκ. | ||
| 500 | |a Τίτλος πρωτοτύπου: Fundamentals of communication systems. | ||
| 504 | |a Βιβλιογραφία: σ. 911-919. Ευρετήριο. | ||
| 650 | 0 | |a Telecommunication systems. | |
| 650 | 0 | |a Telecommunication. | |
| 700 | 1 | |a Salehi, Masoud, |e aut | |
| 852 | |a INST |b SAMOS |c EUDOXUS |e 20160114 |h 621.382 PRO |p 005300043205 |q 005300043205 |t EDX |y 0 | ||
| 852 | |a INST |b SAMOS |c EUDOXUS |e 20160519 |h 621.382 PRO |p 005300043543 |q 005300043543 |t EDX |y 0 | ||
| 852 | |a INST |b SAMOS |c EUDOXUS |e 20160519 |h 621.382 PRO |p 005300043546 |q 005300043546 |t EDX |y 23 | ||
| 852 | |a INST |b SAMOS |c EUDOXUS |e 20170307 |h 621.382 PRO |p 005300044398 |q 005300044398 |t EDX |y 0 | ||
| 852 | |a INST |b SAMOS |c EUDOXUS |e 20170502 |h 621.382 PRO |p 005300044521 |q 005300044521 |t EDX |y 0 | ||
| 920 | |a Εύδοξος |b Παραγγελία |y Σάμος-ΤΜΠΕΣ |z 2016-01 | ||
| 920 | |a Εύδοξος |b Παραγγελία |y Σάμος-ΤΜΠΕΣ |z 2016-05 | ||
| 920 | |a Εύδοξος |b Επιστροφή |y Σάμος |z 2017-03 | ||
| 920 | |a Εύδοξος |b Επιστροφή |y Σάμος |z 2017-05 | ||
| 970 | |a Κοσιέρης |b Χρήστος |z 14-01-2016 | ||